000 00513nam a2200181Ia 4500
001 4560
005 20260306145805.0
008 260306t2018||||xx |||||||||||||| ||spa||
041 _aESP
082 _a324.7
_bS64 ej. 2
100 _aSociedad Peruana de Derecho Ambiental
_eAUT
245 0 _a¿Que proponen los partidos políticos sobre infraestructura natural para la seguridad hídrica?
260 _c2018
300 _a40 páginas :
_c26 cm.
650 _aGEN
654 _aCDE
942 _cLIB
_dJUS
_fJUS
_2ddc
_n
999 _c4560
_d4560